ARRUPE JESUIT UNIVERSITY

CORONAVIRUS -STOP THE SPREAD - CLEAN,DISINFECT,COVER

Twentieth-century men of prayer / (Record no. 122110)

MARC details
000 -LEADER
fixed length control field 00705cam a2200265Ii 4500
001 - CONTROL NUMBER
control field 4714994
003 - CONTROL NUMBER IDENTIFIER
control field ARRUPE
005 - DATE AND TIME OF LATEST TRANSACTION
control field 20160804084705.0
008 - FIXED-LENGTH DATA ELEMENTS--GENERAL INFORMATION
fixed length control field 760202s1974 enk 001 0beng d
020 ## - INTERNATIONAL STANDARD BOOK NUMBER
International Standard Book Number 0334017068
035 ## - SYSTEM CONTROL NUMBER
System control number (OCoLC)ocm01962261
035 ## - SYSTEM CONTROL NUMBER
System control number (NNC)4714994
040 ## - CATALOGING SOURCE
Original cataloging agency BPS
Transcribing agency BPS
Modifying agency UKM
098 ## - OTHER CLASSIFICATION SCHEMES (OCLC)
Call number based on other classification scheme HA16
300 ## - PHYSICAL DESCRIPTION
Dimensions 19 cm.
100 1# - MAIN ENTRY--PERSONAL NAME
Personal name Gibbard, Mark.
9 (RLIN) 15325
245 10 - TITLE STATEMENT
Title Twentieth-century men of prayer /
Statement of responsibility, etc Mark Gibbard.
260 ## - PUBLICATION, DISTRIBUTION, ETC. (IMPRINT)
Place of publication, distribution, etc London :
Name of publisher, distributor, etc SCM Press,
Date of publication, distribution, etc 1974.
300 ## - PHYSICAL DESCRIPTION
Extent vii, 120 p. ;
500 ## - GENERAL NOTE
General note Includes index.
504 ## - BIBLIOGRAPHY, ETC. NOTE
Bibliography, etc Bibliography: p. 115-119.
650 #0 - SUBJECT ADDED ENTRY--TOPICAL TERM
Topical term or geographic name as entry element Christian biography.
9 (RLIN) 11106
650 #0 - SUBJECT ADDED ENTRY--TOPICAL TERM
Topical term or geographic name as entry element Prayer
9 (RLIN) 24587
942 ## - ADDED ENTRY ELEMENTS (KOHA)
Source of classification or shelving scheme Library of Congress Classification
Koha item type Monograph ( Printed materials)
Holdings
Withdrawn status Lost status Source of classification or shelving scheme Damaged status Not for loan Collection code Home library Current library Shelving location Date acquired Total Checkouts Full call number Barcode Date last seen Price effective from Koha item type
    Library of Congress Classification     Main Collection ARRUPE LIBRARY ARRUPE LIBRARY Main Collection 18/02/2015   BR1710.G437 46500009304 18/02/2015 18/02/2015 Monograph ( Printed materials)
    Library of Congress Classification     Main Collection ARRUPE LIBRARY ARRUPE LIBRARY Main Collection 02/09/2016   BR1710.G437 46500002919 02/09/2016 02/09/2016 Monograph ( Printed materials)

 

Arrupe Library. PO Box MP320 Mt Pleasant, Harare, Zimbabwe
263 242 745411|librarian@aju.ac.zw